|
|
|
|
| LEADER |
01318nam a2200337 a 4500 |
| 001 |
40474 |
| 003 |
BD-DhAAL |
| 005 |
20230307113628.0 |
| 008 |
230307t1997 nyu 000 0 eng d |
| 010 |
|
|
|a 97018950
|
| 020 |
|
|
|a 0684839342 (pbk. : alk. paper)
|
| 020 |
|
|
|a 9780684839349
|
| 040 |
|
|
|a DLC
|c DLC
|d DLC
|d BD-DhAAL
|
| 041 |
1 |
|
|a eng
|h ben
|
| 050 |
0 |
0 |
|a PK1722.A2
|b T34 1997
|
| 082 |
0 |
0 |
|a 891.4414
|2 23
|
| 100 |
1 |
|
|a Tagore, Rabindranath,
|d 1861-1941.
|
| 240 |
1 |
0 |
|a Gitanjali.
|l English
|
| 245 |
1 |
0 |
|a Gitanjali :
|b a collection of prose translations made by the author from the original Bengali /
|c Rabindranath Tagore ; with an introduction by W.B. Yeats.
|
| 250 |
|
|
|a First Scribner Poetry edition
|
| 260 |
|
|
|a New York :
|b Scribner Poetry,
|c 1997.
|
| 300 |
|
|
|a 128 pages ;
|c 22 cm.
|
| 541 |
|
|
|a Donated By Akbar Ali Khan
|e 40474
|
| 600 |
1 |
0 |
|a Prose poems, Bengali
|v Translations into English.
|9 53807
|
| 650 |
|
|
|a Bengali poetry.
|
| 650 |
|
|
|a Bengali literature.
|
| 700 |
|
|
|a Yeats, W.B.
|9 53808
|
| 852 |
|
|
|a Ayesha Abed Library
|c Akbar Ali Khan Collection
|
| 942 |
|
|
|2 ddc
|c BK
|
| 999 |
|
|
|c 45570
|d 45570
|
| 952 |
|
|
|0 0
|1 0
|2 ddc
|4 0
|6 891_441400000000000_TAG
|7 1
|9 73348
|a BRACUL
|b BRACUL
|c AAKC
|d 2023-03-07
|e Donated By Akbar Ali Khan
|g 1469.00
|l 0
|o 891.4414 TAG
|p 3010040474
|r 2023-03-07
|t 1
|w 2023-03-07
|y BK
|x USD 14.00
|